000 00701nam a2200193Ia 4500
003 GCL
008 140319s9999 xx 000 0 ara d
040 _aGCL /
_cGCL
082 0 4 _aق
_b962.031
_bل س
100 1 _aليلى عبداللطيف احمد
245 1 0 _aسياسة محمد على إزاء العربان فى مصر /
_cليلى عبداللطيف احمد
250 _aالاولى
260 _aالقاهرة :
_bدار الكتاب الجامعى ،
_c1986
300 _a85 ؛
_c24 سم
650 0 4 _aمصر
650 0 4 _aالاحوال السياسية
650 0 4 _aمصر - تاريخ - العصر الحديث - عصر محمد على ( 1805- 1849 م )
942 _2ddc
_cBK
999 _c43411
_d43411